| 000 | 01211cam a2200325 a 4500 | ||
|---|---|---|---|
| 999 |
_c532436 _d532436 |
||
| 001 | 16381246 | ||
| 003 | NUST | ||
| 005 | 20191120153711.0 | ||
| 008 | 100809s2009 enkab b 101 0 eng d | ||
| 010 | _a 2010487129 | ||
| 020 | _a0727758225 | ||
| 020 | _a9780727758224 | ||
| 035 | _a(OCoLC)ocn320227704 | ||
| 038 | _aMSOHAIL | ||
| 040 |
_aEQO _cCUD _dYDXCP _dUAB _dWAU _dMUU _dDLC |
||
| 042 | _alccopycat | ||
| 050 | 0 | 0 |
_aTA219 _b.F682 2009 |
| 082 | 0 | 0 |
_a620 _223 |
| 100 |
_aJohn Carpenter _925951 |
||
| 245 | 0 | 0 |
_aForensic engineering : _bInforming the Future with Lessons from the Past : Proceedings of the Fifth International Conference on Forensic |
| 260 |
_aLondon : _bInstitution of Civil Engineers Publishing _c2013 |
||
| 300 |
_a478 p. : _bill., maps ; _c25 cm. |
||
| 504 | _aIncludes bibliographical references and index. | ||
| 650 | 0 |
_aForensic engineering _vCongresses. _925952 |
|
| 650 | 0 |
_aStructural failures _xInvestigation _vCongresses. _925953 |
|
| 710 | 2 |
_aInstitution of Civil Engineers (Great Britain) _925323 |
|
| 906 |
_a7 _bcbc _ccopycat _d2 _encip _f20 _gy-gencatlg |
||
| 942 |
_2ddc _cBK |
||